[Event "WYCC 2018 G14"]
[Site "Halkidiki"]
[Date "2018.10.30"]
[Round "11"]
[White "Vuong, Quynh Anh"]
[Black "Nguyen, Thien Ngan"]
[Result "1-0"]
[WhiteElo "1747"]
[BlackElo "1888"]
[Annotator "NA"]
[PlyCount "151"]
[EventDate "2018.10.20"]
[EventType "swiss"]
[EventCountry "GRE"]
[SourceTitle "playchess.com"]
[Source "ChessBase"]
[SourceQuality "1"]
[TimeControl "40/5400+30:1800+30"]

1. d4 {[%emt 0:00:00]} d5 {[%emt 0:00:00]} 2. c4 {[%emt 0:00:00]} e6 {[%emt 0:00:00]} 3. Nf3 {[%emt 0:00:00]} c5 {[%emt 0:00:00]} 4. g3 {[%emt 0:00:01]} Nc6 {[%emt 0:00:00]} 5. cxd5 {[%emt 0:00:15]} exd5 {[%emt 0:00:04]} 6. Bg2 {[%emt 0:00:09]} Nf6 {[%emt 0:00:18]} 7. Nc3 {[%emt 0:00:06]} Be7 {[%emt 0:00:16]} 8. O-O {[%emt 0:10:07]} O-O {[%emt 0:00:16]} 9. Bg5 {[%emt 0:00:30]} cxd4 {[%emt 0:04:17]} 10. Nxd4 {[%emt 0:00:20]} Be6 {[%emt 0:00:08]} 11. Nc2 {[%emt 0:06:34] D34: Tarrasch Defence: 6 g3 Nf6 7 Bg2 Be7} (11. Rc1 h6 12. Be3 Qd7 13. Qa4 Rfc8 14. Rfd1 Ng4 15. Nxc6 bxc6 16. Bd4 Nf6 17. e4 Bg4 18. Rd2 Nxe4 19. Nxe4 dxe4 {½-½ (33) Georgiev,K (2662)-Berg,E (2583) Gibraltar 2008}) 11... Qb6 $146 {[%emt 0:09:47]} ({Predecessor:} 11... Qa5 12. Nd4 Nxd4 13. Qxd4 Rac8 14. Rfd1 Rfd8 15. Rac1 {½-½ (15) Achang,A-Masserey,Y Aalborg 1991}) 12. Na4 {[%emt 0:19:12]} Qa6 {[%emt 0:05:09]} 13. b3 {[%emt 0:02:12]} Rad8 {[%emt 0:03:19]} 14. Nd4 {[%emt 0:05:55]} Nxd4 {[%emt 0:08:50]} 15. Qxd4 {[%emt 0:02:09]} h6 {[%emt 0:00:29]} 16. Be3 {[%emt 0:03:04]} b6 {[%emt 0:01:06]} 17. Qb2 {[%emt 0:01:25]} Bg4 {[%emt 0:09:46]} 18. Bd4 {[%emt 0:01:15]} Rc8 {[%emt 0:05:50]} 19. e3 {[%emt 0:03:09]} b5 {[%emt 0:05:36]} 20. Nc3 {[%emt 0:00:21]} Rfd8 {[%emt 0:02:10]} 21. b4 {[%emt 0:01:58]} Rc4 {[%emt 0:06:46]} 22. a3 {[%emt 0:00:06]} Qb7 {[%emt 0:00:38]} 23. Rfc1 {[%emt 0:00:13]} a6 {[%emt 0:03:14]} 24. Rc2 {[%emt 0:04:09]} Rdc8 {[%emt 0:06:45]} 25. Rd2 {[%emt 0:00:53]} Be6 {[%emt 0:03:26]} 26. Rad1 {[%emt 0:01:32]} Qc7 {[%emt 0:02:06]} 27. Nxd5 {[%emt 0:04:09]} Nxd5 {[%emt 0:06:32]} 28. Bxd5 {[%emt 0:00:50]} Bxd5 {[%emt 0:01:43]} 29. Be5 {[%emt 0:00:10]} Bf6 {[%emt 0:02:55]} 30. Rxd5 {[%emt 0:03:29]} Bxe5 {[%emt 0:01:51]} 31. Rxe5 {[%emt 0:02:30]} Rc3 {[%emt 0:03:55]} 32. Red5 {[%emt 0:00:27]} Qc4 {[%emt 0:00:59]} 33. R5d4 {[%emt 0:02:52]} Qc6 {[%emt 0:01:37]} 34. R4d3 {[%emt 0:03:18]} Rc2 {[%emt 0:01:53]} 35. Qb1 {[%emt 0:00:11]} Qf6 {[%emt 0:03:27]} 36. Rd8+ {[%emt 0:00:37]} Rxd8 {[%emt 0:00:44]} 37. Rxd8+ {[%emt 0:00:07]} Qxd8 {[%emt 0:00:02]} 38. Qxc2 {[%emt 0:00:01]} Qd5 {[%emt 0:01:30]} 39. e4 {[%emt 0:00:51]} Qd6 {[%emt 0:00:50]} 40. Kg2 {[%emt 0:00:00]} Qd4 {[%emt 0:00:00]} 41. Qc8+ {[%emt 0:01:39]} Kh7 {[%emt 0:03:27]} 42. Qf5+ {[%emt 0:01:43]} Kg8 {[%emt 0:00:44]} 43. Qd5 {[%emt 0:00:05]} Qf6 {[%emt 0:00:57]} 44. h4 {[%emt 0:02:57]} Qg6 {[%emt 0:01:21]} 45. Kh3 {[%emt 0:04:40]} Qb6 {[%emt 0:00:54]} 46. Kg2 {[%emt 0:00:27]} (46. Qa8+ $16 Kh7 47. Kg2) 46... Qf6 {[%emt 0:00:10]} 47. Qc5 {[%emt 0:00:26]} Qe6 {[%emt 0:00:51]} 48. Kf3 {[%emt 0:01:12]} Qb3+ {[%emt 0:01:09]} 49. Qe3 {[%emt 0:00:05]} Qc4 {[%emt 0:01:33]} 50. Kg2 {[%emt 0:00:24]} Kh8 {[%emt 0:01:12]} 51. e5 {[%emt 0:00:58]} Qd5+ {[%emt 0:00:25]} 52. Qf3 {[%emt 0:01:06]} Qe6 {[%emt 0:03:27]} 53. Qa8+ {[%emt 0:01:19]} Kh7 {[%emt 0:00:09]} 54. Qe4+ {[%emt 0:00:04]} Kg8 {[%emt 0:00:36]} 55. f4 {[%emt 0:00:15]} Qa2+ {[%emt 0:00:38]} 56. Kh3 {[%emt 0:00:04]} Qxa3 {[%emt 0:00:31]} 57. f5 {[%emt 0:00:35]} Qa1 {[%emt 0:05:57]} 58. e6 {[%emt 0:01:13]} Qf1+ {[%emt 0:11:20]} 59. Kg4 {[%emt 0:00:04]} Qd1+ {[%emt 0:00:18]} 60. Kf4 {[%emt 0:00:01]} Qd6+ {[%emt 0:00:15]} 61. Kf3 {[%emt 0:00:58]} Qe7 $2 {[%emt 0:05:22]} (61... Qd1+ $11 62. Kg2 Qd2+ 63. Kh3 fxe6) 62. Ke3 {[%emt 0:03:20]} f6 {[%emt 0:00:50]} 63. Qd4 $16 {[%emt 0:00:24]} (63. Kf3 $18 {is more deadly.}) 63... Qc7 {[%emt 0:00:33]} 64. Kd2 {[%emt 0:00:34]} Kf8 {[%emt 0:00:34]} 65. Qc5+ {[%emt 0:01:11]} Qxc5 {[%emt 0:00:21]} 66. bxc5 {[%emt 0:00:03]} Ke7 {[%emt 0:00:13]} 67. h5 {[%emt 0:00:09]} a5 {[%emt 0:00:30]} 68. Kc3 {[%emt 0:00:03]} Kd8 {[%emt 0:00:44]} 69. c6 {[%emt 0:00:04]} b4+ {[%emt 0:00:43]} 70. Kb3 {[%emt 0:00:02]} Kc7 {[%emt 0:00:31]} 71. e7 {[%emt 0:00:04]} Kxc6 {[%emt 0:00:06]} 72. e8=Q+ {[%emt 0:00:05]} Kd5 {[%emt 0:00:05]} 73. g4 {[%emt 0:00:44]} Kc5 {[%emt 0:00:10]} 74. Qe7+ {[%emt 0:00:06]} Kb5 {[%emt 0:00:04]} 75. Qd7+ {[%emt 0:00:05]} Kc5 {[%emt 0:00:05]} 76. Qxg7 {[%emt 0:00:04]} 1-0

[Event "WYCC 2018 G14"]
[Site "Halkidiki"]
[Date "2018.10.30"]
[Round "11"]
[White "Dimitrijevic, Andjela"]
[Black "Alimova, Sevinch"]
[Result "0-1"]
[WhiteElo "1744"]
[BlackElo "1596"]
[Annotator "NA"]
[PlyCount "104"]
[EventDate "2018.10.20"]
[EventType "swiss"]
[EventCountry "GRE"]
[SourceTitle "playchess.com"]
[Source "ChessBase"]
[SourceQuality "1"]
[TimeControl "40/5400+30:1800+30"]

1. e4 {[%emt 0:00:00]} c5 {[%emt 0:00:00]} 2. Nf3 {[%emt 0:00:00]} e6 {[%emt 0:00:00]} 3. d3 {[%emt 0:00:00]} d5 {[%emt 0:00:24]} 4. Qe2 {[%emt 0:01:43]} dxe4 {[%emt 0:03:04]} 5. dxe4 {[%emt 0:01:42]} Nc6 {[%emt 0:00:47]} 6. g3 {[%emt 0:05:37]} Nf6 {[%emt 0:03:07]} 7. e5 {[%emt 0:07:22]} Nd7 {[%emt 0:04:34]} 8. Bg2 {[%emt 0:03:53]} Qc7 {[%emt 0:00:56]} 9. Bf4 {[%emt 0:01:32]} h6 {[%emt 0:00:54]} 10. h4 {[%emt 0:01:22]} a6 {[%emt 0:00:53]} 11. c4 {[%emt 0:15:48]} b6 {[%emt 0:04:27]} 12. O-O {[%emt 0:03:44]} Bb7 {[%emt 0:00:50]} 13. Nc3 {[%emt 0:01:00]} Be7 {[%emt 0:04:25]} 14. Nd5 {[%emt 0:12:30]} Qd8 {[%emt 0:01:29]} 15. Nxe7 {[%emt 0:03:14]} Nxe7 {[%emt 0:02:12]} 16. Rad1 {[%emt 0:02:09]} Qc7 {[%emt 0:03:38]} 17. Rfe1 {[%emt 0:06:29]} O-O-O {[%emt 0:00:57]} 18. Nd2 {[%emt 0:06:47]} Bxg2 {[%emt 0:08:55]} 19. Kxg2 {[%emt 0:00:19]} Nf5 {[%emt 0:00:42]} 20. Ne4 {[%emt 0:05:56]} Qc6 {[%emt 0:06:03]} 21. Kg1 {[%emt 0:05:18]} g5 {[%emt 0:07:29]} 22. hxg5 {[%emt 0:04:37]} hxg5 {[%emt 0:00:06]} 23. Bxg5 {[%emt 0:02:57]} Rdg8 {[%emt 0:00:25]} 24. f4 {[%emt 0:03:02]} Kb8 {[%emt 0:10:32]} 25. Qg2 {[%emt 0:02:05]} Nd4 {[%emt 0:04:17]} 26. Rd3 {[%emt 0:01:25]} Rh7 {[%emt 0:02:53]} 27. Nf6 {[%emt 0:02:04]} Qxg2+ {[%emt 0:04:18]} 28. Kxg2 {[%emt 0:00:03]} Nxf6 {[%emt 0:00:15]} 29. Bxf6 {[%emt 0:00:30]} Kc7 {[%emt 0:01:39]} 30. Rh1 {[%emt 0:00:53]} Rxh1 {[%emt 0:00:19]} 31. Kxh1 {[%emt 0:00:04]} Ne2 {[%emt 0:00:16]} 32. Kh2 {[%emt 0:00:55]} Nd4 {[%emt 0:00:28]} 33. a3 {[%emt 0:00:46]} a5 {[%emt 0:00:34]} 34. Bg5 {[%emt 0:00:31]} a4 {[%emt 0:01:10]} 35. Kg2 {[%emt 0:00:28]} Kc6 {[%emt 0:00:49]} 36. Rd1 {[%emt 0:00:35]} Rh8 {[%emt 0:01:02]} 37. Bf6 {[%emt 0:00:26]} Rg8 {[%emt 0:01:03]} 38. Rh1 {[%emt 0:00:18]} Nf5 {[%emt 0:02:15]} 39. Bg5 {[%emt 0:00:33]} Ne3+ {[%emt 0:00:27]} 40. Kf3 {[%emt 0:00:00]} Nxc4 {[%emt 0:00:00]} 41. Rh2 {[%emt 0:07:57]} Nxe5+ {[%emt 0:03:01]} 42. Kg2 {[%emt 0:08:34]} Nc4 {[%emt 0:00:54]} 43. Bf6 {[%emt 0:01:01]} Ne3+ {[%emt 0:03:29]} 44. Kf3 {[%emt 0:00:36]} Ng4 {[%emt 0:00:10]} 45. Rh8 {[%emt 0:00:42]} Nxf6 {[%emt 0:00:05]} 46. Rxg8 {[%emt 0:00:06]} Nxg8 {[%emt 0:00:05]} 47. g4 {[%emt 0:00:13]} b5 {[%emt 0:00:10]} 48. Ke2 {[%emt 0:00:08]} b4 {[%emt 0:00:16]} 49. Kd3 {[%emt 0:00:08]} Kd5 {[%emt 0:00:07]} 50. g5 {[%emt 0:00:10]} c4+ {[%emt 0:00:09]} 51. Kc2 {[%emt 0:00:13]} bxa3 {[%emt 0:00:07]} 52. bxa3 {[%emt 0:00:04]} Kd4 {[%emt 0:00:05]} 0-1

[Event "WYCC 2018 G14"]
[Site "Halkidiki"]
[Date "2018.10.30"]
[Round "11"]
[White "Zaritovskaja, Margarita"]
[Black "Tamrazyan, Gohar"]
[Result "1/2-1/2"]
[WhiteElo "1731"]
[BlackElo "1824"]
[Annotator "NA"]
[PlyCount "76"]
[EventDate "2018.10.20"]
[EventType "swiss"]
[EventCountry "GRE"]
[SourceTitle "playchess.com"]
[Source "ChessBase"]
[SourceQuality "1"]
[TimeControl "40/5400+30:1800+30"]

1. e4 {[%emt 0:00:00]} c5 {[%emt 0:00:00]} 2. Nf3 {[%emt 0:00:00]} Nc6 {[%emt 0:00:00]} 3. d4 {[%emt 0:00:00]} cxd4 {[%emt 0:00:00]} 4. Nxd4 {[%emt 0:00:00]} e5 {[%emt 0:00:00]} 5. Nb5 {[%emt 0:00:00]} d6 {[%emt 0:00:00]} 6. N1c3 {[%emt 0:01:01]} a6 {[%emt 0:00:00]} 7. Na3 b5 8. Nd5 {[%emt 0:00:20]} Nge7 {[%emt 0:00:00]} 9. c4 {[%emt 0:00:16]} Nd4 {[%emt 0:00:00]} 10. Bd3 {[%emt 0:00:24]} Nxd5 {[%emt 0:00:16]} 11. cxd5 {[%emt 0:00:16]} Be7 {[%emt 0:00:11]} 12. O-O {[%emt 0:00:33]} O-O {[%emt 0:00:21]} 13. Be3 {[%emt 0:00:30]} Bd7 {[%emt 0:01:46]} 14. Qd2 {[%emt 0:01:18]} f5 {[%emt 0:06:27]} 15. f4 {[%emt 0:02:16]} fxe4 {[%emt 0:04:02]} 16. Bxe4 {[%emt 0:01:56]} Bf5 {[%emt 0:06:26]} 17. Bxf5 {[%emt 0:12:22]} Nxf5 {[%emt 0:00:09]} 18. Bf2 {[%emt 0:18:14]} exf4 {[%emt 0:03:34]} 19. Qxf4 {[%emt 0:01:57]} Bg5 {[%emt 0:01:30]} 20. Qe4 {[%emt 0:01:39]} Qe8 {[%emt 0:08:32]} 21. Qd3 {[%emt 0:11:12]} Be3 {[%emt 0:09:13]} 22. Nc2 {[%emt 0:02:16]} Bxf2+ {[%emt 0:02:09]} 23. Rxf2 {[%emt 0:00:07]} Qg6 {[%emt 0:07:41]} 24. Raf1 {[%emt 0:09:40]} Nh4 {[%emt 0:00:12]} 25. Qd4 {[%emt 0:04:28]} Nf3+ {[%emt 0:06:03]} 26. Rxf3 {[%emt 0:00:10]} Rxf3 {[%emt 0:00:04]} 27. Rxf3 {[%emt 0:00:08]} Qxc2 {[%emt 0:00:07]} 28. Rf2 {[%emt 0:20:21]} Qb1+ {[%emt 0:09:42]} 29. Rf1 {[%emt 0:00:36]} Qc2 {[%emt 0:12:26]} 30. Kh1 {[%emt 0:05:01]} Re8 {[%emt 0:10:36]} 31. Qa7 {[%emt 0:00:34]} Qg6 {[%emt 0:02:07]} 32. h3 {[%emt 0:03:37]} h6 {[%emt 0:00:20]} 33. Qf2 {[%emt 0:02:05]} Kh7 {[%emt 0:02:01]} 34. Re1 {[%emt 0:01:18]} Rxe1+ {[%emt 0:02:08]} 35. Qxe1 {[%emt 0:00:01]} Qf5 {[%emt 0:01:23]} 36. Qd2 {[%emt 0:00:42]} Qg5 {[%emt 0:03:29]} 37. Qd3+ {[%emt 0:00:57]} Kh8 {[%emt 0:01:38]} 38. Qd4 {[%emt 0:00:29]} Qf5 {[%emt 0:01:46]} 1/2-1/2

[Event "WYCC 2018 G14"]
[Site "Halkidiki"]
[Date "2018.10.30"]
[Round "11"]
[White "Djordjevic, Nevena"]
[Black "Kasaeva, Sofiia"]
[Result "0-1"]
[WhiteElo "1704"]
[BlackElo "1874"]
[Annotator "NA"]
[PlyCount "72"]
[EventDate "2018.10.20"]
[EventType "swiss"]
[EventCountry "GRE"]
[SourceTitle "playchess.com"]
[Source "ChessBase"]
[SourceQuality "1"]
[TimeControl "40/5400+30:1800+30"]

1. d4 {[%emt 0:00:00]} Nf6 {[%emt 0:00:00]} 2. c4 {[%emt 0:00:00]} e6 {[%emt 0:00:00]} 3. Nc3 {[%emt 0:00:00]} Bb4 {[%emt 0:00:00]} 4. Bg5 {[%emt 0:00:00]} c5 {[%emt 0:00:01]} 5. d5 {[%emt 0:00:55]} d6 {[%emt 0:00:09]} 6. e3 {[%emt 0:01:26]} exd5 {[%emt 0:00:11]} 7. cxd5 {[%emt 0:01:03]} Nbd7 {[%emt 0:00:07]} 8. Nge2 {[%emt 0:13:39]} Qa5 {[%emt 0:09:17]} 9. f3 {[%emt 0:12:06]} O-O {[%emt 0:13:10]} 10. a3 {[%emt 0:03:18]} Bxc3+ {[%emt 0:01:40]} 11. Nxc3 {[%emt 0:02:27]} h6 {[%emt 0:03:19]} 12. Bh4 {[%emt 0:07:54]} Re8 {[%emt 0:02:05]} 13. e4 {[%emt 0:04:09]} Nxe4 {[%emt 0:03:29]} 14. fxe4 {[%emt 0:11:58]} Rxe4+ {[%emt 0:01:13]} 15. Be2 {[%emt 0:00:55]} Rxh4 {[%emt 0:00:46]} 16. O-O {[%emt 0:01:19]} Ne5 {[%emt 0:04:43]} 17. Qe1 {[%emt 0:08:24]} Qd8 {[%emt 0:07:55]} 18. Qf2 {[%emt 0:04:54]} Bg4 {[%emt 0:03:05]} 19. Rae1 {[%emt 0:01:24]} Bxe2 {[%emt 0:15:04]} 20. Rxe2 {[%emt 0:00:57]} Rg4 {[%emt 0:01:01]} 21. Ne4 {[%emt 0:04:03]} Qe7 {[%emt 0:15:49]} 22. h3 {[%emt 0:07:16]} Rg6 {[%emt 0:00:47]} 23. Qf5 {[%emt 0:00:26]} Re8 {[%emt 0:01:13]} 24. Rfe1 {[%emt 0:01:09]} Qd7 {[%emt 0:09:44]} 25. Nxd6 {[%emt 0:08:33]} Rxd6 {[%emt 0:00:30]} 26. Qxd7 {[%emt 0:01:04]} Rxd7 {[%emt 0:00:05]} 27. Rxe5 {[%emt 0:00:03]} Rxe5 {[%emt 0:00:11]} 28. Rxe5 {[%emt 0:00:03]} f6 {[%emt 0:00:27]} 29. Rh5 {[%emt 0:00:51]} Kh7 {[%emt 0:01:20]} 30. d6 {[%emt 0:00:25]} g5 {[%emt 0:00:15]} 31. h4 {[%emt 0:01:19]} Kg6 {[%emt 0:00:22]} 32. g4 {[%emt 0:00:09]} Rxd6 {[%emt 0:00:08]} 33. hxg5 {[%emt 0:00:06]} fxg5 {[%emt 0:00:17]} 34. Rh2 {[%emt 0:00:32]} Rd1+ {[%emt 0:00:06]} 35. Kg2 {[%emt 0:00:07]} Rd2+ {[%emt 0:00:05]} 36. Kg3 {[%emt 0:00:05]} Rxh2 {[%emt 0:00:08]} 0-1

[Event "WYCC 2018 G14"]
[Site "Halkidiki"]
[Date "2018.10.30"]
[Round "11"]
[White "Figueroa Bernal, Julia Dennis"]
[Black "Kouta, Antonia"]
[Result "0-1"]
[WhiteElo "1650"]
[BlackElo "1812"]
[Annotator "NA"]
[PlyCount "90"]
[EventDate "2018.10.20"]
[EventType "swiss"]
[EventCountry "GRE"]
[SourceTitle "playchess.com"]
[Source "ChessBase"]
[SourceQuality "1"]
[TimeControl "40/5400+30:1800+30"]

1. e4 {[%emt 0:00:00]} c5 {[%emt 0:00:00]} 2. Nf3 {[%emt 0:00:00]} d6 {[%emt 0:00:00]} 3. d4 {[%emt 0:00:00]} cxd4 {[%emt 0:00:00]} 4. Nxd4 {[%emt 0:00:00]} Nf6 {[%emt 0:00:00]} 5. Nc3 {[%emt 0:00:00]} a6 {[%emt 0:00:00]} 6. Be2 {[%emt 0:00:00]} e6 {[%emt 0:00:48]} 7. Be3 {[%emt 0:00:08]} Nbd7 {[%emt 0:03:16]} 8. g4 {[%emt 0:03:52]} h6 {[%emt 0:02:11]} 9. Qd2 {[%emt 0:00:28]} b5 {[%emt 0:01:25]} 10. a3 {[%emt 0:00:18]} Bb7 {[%emt 0:02:42]} 11. f3 {[%emt 0:02:04]} Be7 {[%emt 0:11:42]} 12. O-O-O {[%emt 0:01:45]} d5 {[%emt 0:01:27]} 13. exd5 {[%emt 0:01:33]} Nxd5 {[%emt 0:01:05]} 14. Nxd5 {[%emt 0:00:29]} Bxd5 {[%emt 0:00:06]} 15. h4 {[%emt 0:09:05]} Bxh4 {[%emt 0:10:14]} 16. g5 {[%emt 0:05:36]} hxg5 {[%emt 0:04:12]} 17. Kb1 {[%emt 0:00:20]} Rg8 {[%emt 0:07:01]} 18. Nf5 {[%emt 0:06:08]} Ne5 {[%emt 0:17:40]} 19. Qc3 {[%emt 0:24:23]} f6 {[%emt 0:11:56]} 20. Qc5 {[%emt 0:14:44]} exf5 {[%emt 0:04:18]} 21. Rxd5 {[%emt 0:00:19]} Qe7 {[%emt 0:02:15]} 22. Qb6 {[%emt 0:03:04]} Kf7 {[%emt 0:02:04]} 23. Rhd1 {[%emt 0:03:00]} Rgb8 {[%emt 0:00:56]} 24. Qa5 {[%emt 0:00:55]} Kg6 {[%emt 0:05:05]} 25. Bc5 {[%emt 0:03:25]} Qe8 {[%emt 0:00:46]} 26. f4 {[%emt 0:01:55]} Nc4 {[%emt 0:02:44]} 27. Bxc4 {[%emt 0:00:13]} bxc4 {[%emt 0:00:04]} 28. Bb6 {[%emt 0:02:07]} Qe4 {[%emt 0:02:42]} 29. fxg5 {[%emt 0:00:50]} Bxg5 {[%emt 0:00:50]} 30. Rd7 {[%emt 0:03:04]} Rb7 {[%emt 0:02:07]} 31. R7d4 {[%emt 0:02:44]} Qc6 {[%emt 0:01:07]} 32. Rd6 {[%emt 0:00:42]} Qb5 {[%emt 0:02:05]} 33. Qxb5 {[%emt 0:00:25]} axb5 {[%emt 0:00:04]} 34. Bc5 {[%emt 0:00:24]} Re8 {[%emt 0:00:59]} 35. Bb4 {[%emt 0:00:59]} f4 {[%emt 0:01:00]} 36. Rf1 {[%emt 0:00:24]} Re2 {[%emt 0:00:55]} 37. Bd2 {[%emt 0:01:28]} Re4 {[%emt 0:00:24]} 38. Rd5 {[%emt 0:01:19]} Bh6 {[%emt 0:01:21]} 39. Kc1 {[%emt 0:01:30]} Kf7 {[%emt 0:00:41]} 40. Rh5 {[%emt 0:00:00]} Bg5 {[%emt 0:00:00]} 41. Rh2 {[%emt 0:01:41]} Ke6 {[%emt 0:02:12]} 42. Rhf2 {[%emt 0:00:27]} Kf5 {[%emt 0:03:54]} 43. Kd1 {[%emt 0:01:12]} Rd7 {[%emt 0:00:29]} 44. Kc1 {[%emt 0:00:19]} Rde7 {[%emt 0:00:43]} 45. Kd1 {[%emt 0:00:07]} Bh6 {[%emt 0:01:07]} 0-1

[Event "WYCC 2018 G14"]
[Site "Halkidiki"]
[Date "2018.10.30"]
[Round "11"]
[White "Kumar, Arya"]
[Black "Sleurs, Juliette"]
[Result "1-0"]
[WhiteElo "1619"]
[BlackElo "1812"]
[Annotator "NA"]
[PlyCount "83"]
[EventDate "2018.10.20"]
[EventType "swiss"]
[EventCountry "GRE"]
[SourceTitle "playchess.com"]
[Source "ChessBase"]
[SourceQuality "1"]
[TimeControl "40/5400+30:1800+30"]

1. e4 e5 2. Nf3 Nc6 3. d4 exd4 4. c3 Nf6 5. e5 Ng8 6. cxd4 d5 7. h3 Bb4+ 8. Nc3 Bf5 9. Bd3 Bxd3 10. Qxd3 Nge7 11. O-O h6 12. Be3 O-O 13. a3 Bxc3 14. Qxc3 Nf5 15. b4 Nxe3 16. Qxe3 f6 17. b5 Ne7 18. Rac1 c6 19. bxc6 Nxc6 20. e6 Re8 21. Rfe1 Qe7 22. Nh4 Nd8 23. Nf5 Qxe6 24. Qc3 Qd7 25. Rxe8+ Qxe8 26. Qg3 Ne6 27. Re1 g6 28. Nxh6+ Kh7 29. Ng4 Kg7 30. Qe3 Kf7 31. Qf3 Qd8 32. Ne5+ Kg7 33. Nxg6 Kxg6 34. Rxe6 Kf7 35. Qf5 Rc8 36. g4 Rc6 37. Rxc6 bxc6 38. g5 Qe7 39. Qh7+ Ke6 40. Qxe7+ Kxe7 41. g6 f5 42. h4 {[%emt 1:39:56]} 1-0

[Event "WYCC 2018 G14"]
[Site "Halkidiki"]
[Date "2018.10.30"]
[Round "11"]
[White "Woods, Charisse"]
[Black "Maciulaityte, Barbora"]
[Result "0-1"]
[WhiteElo "1511"]
[BlackElo "1715"]
[Annotator "NA"]
[PlyCount "60"]
[EventDate "2018.10.20"]
[EventType "swiss"]
[EventCountry "GRE"]
[SourceTitle "playchess.com"]
[Source "ChessBase"]
[SourceQuality "1"]
[TimeControl "40/5400+30:1800+30"]

1. e4 {[%emt 0:00:00]} c5 {[%emt 0:00:00]} 2. Nf3 {[%emt 0:00:00]} d6 {[%emt 0:00:00]} 3. d4 {[%emt 0:00:00]} cxd4 {[%emt 0:00:00]} 4. Nxd4 {[%emt 0:00:00]} Nf6 {[%emt 0:00:03]} 5. Nc3 {[%emt 0:00:00]} g6 {[%emt 0:00:06]} 6. Be3 {[%emt 0:00:00]} Bg7 {[%emt 0:00:07]} 7. Be2 {[%emt 0:00:04]} O-O {[%emt 0:00:20]} 8. O-O {[%emt 0:00:05]} Nc6 {[%emt 0:00:33]} 9. Qd2 {[%emt 0:00:12]} Bd7 {[%emt 0:04:22]} 10. f4 {[%emt 0:02:03]} a6 {[%emt 0:04:03]} 11. Bf3 {[%emt 0:03:45]} Na5 {[%emt 0:06:20]} 12. b3 Rc8 {[%emt 0:05:39]} 13. h3 {[%emt 0:06:36]} Nc6 {[%emt 0:05:03]} 14. f5 {[%emt 0:11:55]} Ne5 {[%emt 0:07:27]} 15. Nde2 {[%emt 0:03:23]} Nxf3+ {[%emt 0:03:11]} 16. Rxf3 {[%emt 0:00:17]} Nxe4 {[%emt 0:05:26]} 17. Nxe4 {[%emt 0:03:08]} Bxa1 {[%emt 0:00:12]} 18. fxg6 {[%emt 0:01:17]} fxg6 {[%emt 0:01:35]} 19. c3 {[%emt 0:01:19]} Rxf3 {[%emt 0:03:33]} 20. gxf3 {[%emt 0:00:18]} Qa5 {[%emt 0:13:57]} 21. Bh6 {[%emt 0:07:05]} Qe5 {[%emt 0:07:28]} 22. b4 {[%emt 0:08:31]} Bc6 {[%emt 0:07:00]} 23. Bf4 {[%emt 0:01:55]} Qd5 {[%emt 0:03:45]} 24. Nd4 {[%emt 0:01:51]} Qc4 {[%emt 0:03:03]} 25. Nxc6 {[%emt 0:03:28]} Rxc6 {[%emt 0:00:20]} 26. Bh6 {[%emt 0:07:53]} Bxc3 {[%emt 0:01:25]} 27. Nxc3 {[%emt 0:00:30]} Qxc3 {[%emt 0:00:07]} 28. Qd5+ {[%emt 0:00:08]} Kh8 {[%emt 0:00:41]} 29. Qf7 {[%emt 0:04:08]} Qe1+ {[%emt 0:00:10]} 30. Kg2 {[%emt 0:00:33]} Rc2+ {[%emt 0:00:06]} 0-1